Statistics for Montreal Canadiens' Players 2013-2014

Click here to take the quiz!

General Stats

  • This quiz has been taken 395 times
  • The average score is 15 of 26

Answer Stats

#Player% Correct
31Carey Price
99%
76P.K. Subban
96%
11Brendan Gallagher
91%
67Max Pacioretty
87%
79Andrei Markov
85%
27Alex Galchenyuk
80%
14Tomas Plekanec
77%
81Lars Eller
75%
51David Desharnais
71%
74Alexei Emelin
68%
21Brian Gionta
63%
30Peter Budaj
58%
8Brandon Prust
57%
22Dale Weise
50%
48Daniel Briere
50%
26Josh Gorges
49%
55Francis Bouillon
46%
17Rene Bourque
44%
32Travis Moen
44%
49Michael Bournival
37%
53Ryan White
36%
20Thomas Vanek
34%
43Mike Weaver
33%
15George Parros
31%
6Douglas Murray
29%
24Jarred Tinordi
28%

Score Distribution

Percentile by Number Answered

Percent of People with Each Score

Your Score History

You have not taken this quiz